ბათუმის შოთა რუსთაველის სახელმწიფო უნივერსიტეტის ბიბლიოთეკა

The Math Handbook for Students with Math Difficulties, Dyscalculia, Dyslexia or ADHD: (ბიბ.ჩანაწერი № 58108)

000 -LEADER
fixed length control field 00996nam a22001937a 4500
005 - DATE AND TIME OF LATEST TRANSACTION
control field 20210618134243.0
008 - FIXED-LENGTH DATA ELEMENTS--GENERAL INFORMATION
fixed length control field 210617s2017 enk||||| |||| 00| 0 eng d
020 ## - INTERNATIONAL STANDARD BOOK NUMBER
International Standard Book Number 9781627341066
041 ## - LANGUAGE CODE
Language code of text/sound track or separate title eng
080 ## - UNIVERSAL DECIMAL CLASSIFICATION NUMBER
Universal Decimal Classification number 372.851+371 F-11
100 ## - MAIN ENTRY--PERSONAL NAME
Personal name Faber, Helmy
9 (RLIN) 12065
245 ## - TITLE STATEMENT
Title The Math Handbook for Students with Math Difficulties, Dyscalculia, Dyslexia or ADHD:
Remainder of title (Grades 1-7) /
Statement of responsibility, etc. Helmy Faber.
264 ## - PRODUCTION, PUBLICATION, DISTRIBUTION, MANUFACTURE, AND COPYRIGHT NOTICE
Place of production, publication, distribution, manufacture Boca Raton :
Name of producer, publisher, distributor, manufacturer Universal Publishers,
Date of production, publication, distribution, manufacture, or copyright notice 2017.
300 ## - PHYSICAL DESCRIPTION
Extent 126 pages;
Other physical details 21 cm.
653 ## - INDEX TERM--UNCONTROLLED
keyword Дискалькулия у детей
653 ## - INDEX TERM--UNCONTROLLED
keyword თვლასთან დაკავშირებული პრობლემები ბავშვებში
653 ## - INDEX TERM--UNCONTROLLED
keyword მათემატიკის სახელმძღვანელო მათემატიკის სირთულეების, დისკალკულიის, დისლექსიის მქონე სტუდენტებისთვის
942 ## - ADDED ENTRY ELEMENTS (KOHA)
Source of classification or shelving scheme
Koha item type წიგნი
ეგზემპლარები
Withdrawn status Lost status Source of classification or shelving scheme Damaged status Not for loan Permanent Location Current Location Shelving location Date acquired Cost, normal purchase price Full call number Barcode Date last seen Copy number Price effective from Koha item type Public note
          ბათუმის შოთა რუსთაველის სახელმწიფო უნივერსიტეტის მთავარი ბიბლიოთეკა ბათუმის შოთა რუსთაველის სახელმწიფო უნივერსიტეტის მთავარი ბიბლიოთეკა წიგნსაცავი 2021-06-17 131.00 372.851+371 F-11 61387 2021-06-17 61387 2021-06-17 წიგნი 131 ლ.